000 00510nam a2200169Ia 4500
003 OSt
005 20200618112202.0
008 190216s9999||||xx |||||||||||||| ||und||
040 _coclc
082 _a954
_bMAJ/A
100 _aMajumdar, R C
_93013
245 0 _aAn Advanced History Of India (Part 2) /
_cR C Majumdar ; H C Raychaudhuri ; K Datta
250 _a3rd Ed.
260 _bMacmillan India Ltd,
_c1965.
_aLondon:
300 _a654p
942 _cBK
_2ddc
_h954
_iMAJ/A
_k954
_mMAJ/A
999 _c18779
_d18779